Name a Country in Each Mountain Range - Statistics

General Stats
  • This quiz has been taken 84 times
  • The average score is 15 of 20
Answer Stats
Mountain Range # Country % Correct
Alps A Austria
99%
Himalayas B Bhutan
99%
Andes E Ecuador
99%
Balkan Mountains S Serbia
96%
Appalachian Mountains U United States
95%
Pyrenees S Spain
91%
Caucasus Mountains A Azerbaijan
86%
Atlas Mountains T Tunisia
82%
Cascade Range C Canada
78%
Hindu Kush T Tajikistan
78%
Tian Shan K Kazakhstan | Kyrgyzstan
72%
Dolomites I Italy
70%
Pacific Coast Ranges M Mexico
69%
Southern Alps N New Zealand
66%
Apennine Mountains I Italy
65%
Carpathian Mountains C Czechia
62%
Zagros Mountains I Iran
51%
Altai Mountains M Mongolia
46%
Dinaric Alps A Albania
42%
Karakoram T Tajikistan
35%
No matching quizzes found
Score Distribution
Percent of People with Each Score
Percentile by Number Answered
Your Score History
You have not taken this quiz